| 000 | 00558nam a2200217Ia 4500 | ||
|---|---|---|---|
| 003 | 0100 | ||
| 008 | 130303s9999 xx 000 0 und d | ||
| 020 | _a0816612463 | ||
| 040 | _cARRUPELIB | ||
| 050 | _aB491.E7D33 1984 | ||
| 100 | _aDahl, Norman O | ||
| 245 | _aPractical reason, Aristotle, and weakness of the will | ||
| 260 | _aMinneapolis | ||
| 260 | _bUniversity of Minnesota Press | ||
| 260 | _C1984 | ||
| 300 | _axi | ||
| 300 | _b 302p. 25 cm | ||
| 440 | _aMinnesota publications in humanity; v.4 | ||
| 650 | _aPHILOSOPHY | ||
| 942 | 0 | 0 | _01 |
| 999 |
_c24098 _d24098 |
||